| 000 | 00884nam a22002177a 4500 | ||
|---|---|---|---|
| 999 |
_c566 _d566 |
||
| 001 | 20492 | ||
| 003 | BD-DhUAP | ||
| 005 | 20210118094527.0 | ||
| 008 | 200123b20182015 a|||| |||| 001 0 eng d | ||
| 020 | _a9789843391919 | ||
| 040 |
_aBD-DhUAP _bBng _cBD-DhUAP _dBD-DhUAP |
||
| 082 |
_223 _a005.262 SUB |
||
| 100 | _aসুবিন, তামিম শাহরিয়ার। | ||
| 245 |
_aপ্রোগ্রামিং ক্যারিয়ার গাইডলাইন : _bএক ডজন প্রোগ্রামারের কথা / _cতামিম শাহরিয়ার সুবিন। |
||
| 250 | _a২য় সং। | ||
| 260 |
_aঢাকা : _bদ্বিমিক, _cc ২০১৮। |
||
| 300 |
_a১১৯ পৃ : _bচিত্র ; _c২২ সেমি.। |
||
| 650 | _aProgramming language | ||
| 650 | _aProgrammer. | ||
| 942 |
_2ddc _cBK |
||